Word Scramble - Random Canadian Cities - Statistics

General Stats
  • This quiz has been taken 60 times
  • The average score is 6 of 12
Answer Stats
Province/Territory Answer % Correct
Alberta Calgary
100%
Nova Scotia Halifax
100%
Ontario Hamilton
100%
Quebec Montreal
100%
Ontario Ottawa
100%
Alberta Red Deer
100%
British Columbia Vancouver
100%
British Columbia Victoria
100%
Manitoba Winnipeg
100%
Quebec Quebec City
83%
Ontario Sudbury
83%
British Columbia Kelowna
80%
New Brunswick Moncton
80%
Saskatchewan Saskatoon
80%
Ontario Barrie
75%
Saskatchewan Regina
75%
Ontario Toronto
75%
Ontario Belleville
67%
Quebec Chateauguay
67%
British Columbia Kamloops
67%
Ontario Kanata
67%
Ontario Kingston
67%
Newfoundland St. John's
67%
Ontario Thunder Bay
67%
British Columbia Chilliwack
60%
Alberta Edmonton
60%
Ontario Guelph
60%
Ontario Oshawa
50%
British Columbia Prince George
50%
Quebec Trois-Rivieres
50%
Ontario Milton
38%
Alberta Fort McMurray
33%
British Columbia Nanaimo
33%
Quebec Saguenay
33%
Ontario Sarnia
33%
Quebec Sherbrooke
33%
British Columbia White Rock
33%
Ontario Windsor
33%
Ontario London
25%
Ontario Petersborough
25%
Quebec Drummondville
20%
Ontario Kitchener
20%
Ontario Niagara Falls
20%
British Columbia Abbotsford
0%
Ontario Brantford
0%
Alberta Lethbridge
0%
Alberta Medicine Hat
0%
Quebec Saint-Jean-sur-Richelieu
0%
Quebec Saint-Jerome
0%
Ontario Sault St. Marie
0%
No matching quizzes found
Score Distribution
Percent of People with Each Score
Percentile by Number Answered
Your Score History
You have not taken this quiz